電報略号から駅名(東京圏JR・ランダム20問) - Statistics

General Stats
  • This quiz has been taken 17 times
    13 since last reset
  • The average score is 5 of 20
Answer Stats
電報略号 駅名 % Correct
ハテ 浜松町
100%
ネフ 根府川
100%
シキ(トカホセ) 新川崎
100%
ヌサ 衣笠
100%
ナイ(ネキセ) 関内
100%
イシ(ネキセ) 石川町
100%
ホコ 本郷台
100%
モイ(ハマセ) 鴨居
100%
ハチ 八王子
100%
ミミ(ナフセ) 南多摩
100%
タチ 立川
100%
ハサ 浜川崎
100%
シシ(ツミセ) 新芝浦
100%
メク 目黒
100%
ムコ 武蔵小金井
100%
ウハ(チウホセ) 上野原
100%
ヤナ 梁川
100%
サル 猿橋
100%
オキ(チウホセ) 大月
100%
ヒル 東秋留
100%
ヨリ 寄居
100%
オク 尾久
100%
キヨ(タカセ) 行田
100%
ミヨ(トホホセ) 南与野
100%
キヨ(トホホセ) 北与野
100%
サシ 指扇
100%
カシ
100%
ミト 水戸
100%
カツ 勝田
100%
ヒコ 東我孫子
100%
キミ(-) 君津
100%
アミ 大網
100%
スイ(ナリセ) 酒々井
100%
ホリ 八丁堀
100%
キフ(ムサセ) 北府中
100%
シシ(ミトセ) 宍戸
100%
クニ(ナリセ) 空港第2ビル
100%
シナ 品川
50%
スキ 武蔵小杉
50%
フイ 分倍河原
50%
ヨヨ 代々木
50%
クマ(イチセ) 熊川
50%
クマ(タカセ) 熊谷
50%
テノ 天王台
50%
モハ 茂原
50%
シウ(-) 新浦安
50%
ヒマ 東松戸
50%
シア 新秋津
50%
トウ 東京
0%
ラク 有楽町
0%
シン 新橋
0%
チタ 田町
0%
タケ 高輪ゲートウェイ
0%
オマ 大井町
0%
オモ 大森
0%
カマ(トカホセ) 蒲田
0%
カワ 川崎
0%
ツミ 鶴見
0%
シヤ 新子安
0%
ヒナ 東神奈川
0%
ハマ 横浜
0%
ホト 保土ケ谷
0%
ツカ(トカホセ) 東戸塚
0%
トツ 戸塚
0%
フナ 大船
0%
フワ 藤沢
0%
ツト 辻堂
0%
チサ 茅ケ崎
0%
ヒラ 平塚
0%
オイ 大磯
0%
ニノ 二宮
0%
コツ 国府津
0%
モノ 鴨宮
0%
オタ 小田原
0%
ヤワ 早川
0%
マナ 真鶴
0%
ユハ 湯河原
0%
アタ 熱海
0%
ニイ 西大井
0%
キラ 北鎌倉
0%
クラ 鎌倉
0%
スシ 逗子
0%
ヒツ 東逗子
0%
タウ 田浦
0%
スカ 横須賀
0%
リマ 久里浜
0%
サチ 桜木町
0%
マテ 山手
0%
ネキ(ネキセ) 根岸
0%
ソコ 磯子
0%
シス 新杉田
0%
ヨタ 洋光台
0%
コナ 港南台
0%
キキ 北茅ケ崎
0%
カカ 香川
0%
サム 寒川
0%
ヤヤ 宮山
0%
ラミ 倉見
0%
カト 門沢橋
0%
ヤケ 社家
0%
ツキ 厚木
0%
エナ 海老名
0%
リヤ 入谷
0%
サウ 相武台下
0%
モミ 下溝
0%
タイ 原当麻
0%
ハン 番田
0%
カミ 上溝
0%
ミモ 南橋本
0%
ハモ 橋本
0%
オウ 大口
0%
キク 菊名
0%
シヨ 新横浜
0%
コエ 小机
0%
ナヤ 中山
0%
トイ 十日市場
0%
ツタ 長津田
0%
ナル(ハマセ) 成瀬
0%
マチ(ハマセ) 町田
0%
チコ 小淵
0%
ノヘ 淵野辺
0%
ヤヘ 矢部
0%
ラサ 相模原
0%
アイ 相原
0%
ハミ 八王子みなみ野
0%
クシ(ハマセ) 片倉
0%
ツテ 尻手
0%
ヤコ 矢向
0%
マシ 鹿島田
0%
ラマ 平間
0%
カヒ(ナフセ) 向河原
0%
ムナ 武蔵中原
0%
ムシ 武蔵新城
0%
ムミ 武蔵溝ノ口
0%
ツヤ 津田山
0%
クシ(ナフセ) 久地
0%
ユク 宿河原
0%
ノト 登戸
0%
ノシ 中野島
0%
ツツ 稲田堤
0%
ノク 矢野口
0%
ナヌ 稲城長沼
0%
フチ 府中本町
0%
フニ 西府
0%
ヤホ 谷保
0%
ヤカ 矢川
0%
ニク 西国立
0%
ワテ 八丁畷
0%
ワシ(ナフセ) 川崎新町
0%
オエ 小田栄
0%
コク 国道
0%
ミノ 鶴見小野
0%
テシ 弁天橋
0%
アノ 浅野
0%
アセ 安善
0%
ライ 武蔵白石
0%
セワ 昭和
0%
アチ 扇町
0%
ウミ 海芝浦
0%
ホカ 大川
0%
オサ 大崎
0%
タン 五反田
0%
エヒ 恵比寿
0%
シフ 渋谷
0%
ラシ 原宿
0%
シク 新宿
0%
シオ(ヤテセ) 新大久保
0%
ハハ 高田馬場
0%
メシ 目白
0%
イケ 池袋
0%
オツ 大塚
0%
スモ 巣鴨
0%
コメ 駒込
0%
ハタ 田端
0%
カタ 神田
0%
チヤ 御茶ノ水
0%
スイ(チウホセ) 水道橋
0%
イイ 飯田橋
0%
イチ 市ケ谷
0%
ヨヤ 四ツ谷
0%
シチ 信濃町
0%
セカ 千駄ケ谷
0%
ホク 大久保
0%
ヒカ 東中野
0%
カノ 中野
0%
カエ 高円寺
0%
カヤ 阿佐ケ谷
0%
クホ 荻窪
0%
ニオ 西荻窪
0%
キチ 吉祥寺
0%
ミツ 三鷹
0%
サヒ 武蔵境
0%
ネイ 東小金井
0%
コシ 国分寺
0%
ニフ 西国分寺
0%
クチ 国立
0%
ヒノ 日野
0%
トタ 豊田
0%
ニハ 西八王子
0%
タオ 高尾
0%
ミコ 相模湖
0%
フノ 藤野
0%
ホツ 四方津
0%
トリ 鳥沢
0%
アキ 秋葉原
0%
クサ 浅草橋
0%
レウ 両国
0%
キウ 錦糸町
0%
カメ 亀戸
0%
ヒイ 平井
0%
シワ 新小岩
0%
コワ 小岩
0%
チカ 市川
0%
モタ 本八幡
0%
ナマ 下総中山
0%
ニシ 西船橋
0%
ハシ 船橋
0%
ヒフ 東船橋
0%
ツヌ 津田沼
0%
マホ 幕張本郷
0%
マリ 幕張
0%
ケミ 新検見川
0%
ナケ 稲毛
0%
ニチ(ソムホセ) 西千葉
0%
チハ 千葉
0%
ニワ 西立川
0%
ヒミ 東中神
0%
ナミ 中神
0%
アマ 昭島
0%
ハヒ 拝島
0%
ウシ 牛浜
0%
フツ 福生
0%
ハム 羽村
0%
サク(オメセ) 小作
0%
カヘ(オメセ) 河辺
0%
アメ 東青梅
0%
オメ 青梅
0%
ノラ 宮ノ平
0%
ワタ 日向和田
0%
シマ(オメセ) 石神前
0%
フマ(オメセ) 二俣尾
0%
サハ 軍畑
0%
サイ 沢井
0%
ミケ 御嶽
0%
カイ 川井
0%
コリ 古里
0%
トノ 鳩ノ巣
0%
シロ 白丸
0%
タマ(オメセ) 奥多摩
0%
アワ(イチセ) 秋川
0%
ヒキ 武蔵引田
0%
マス 武蔵増戸
0%
ムイ 武蔵五日市
0%
キオ(ハカセ) 北八王子
0%
コヤ 小宮
0%
ヒサ 東福生
0%
ネカ 箱根ケ崎
0%
カコ 金子
0%
ハノ 東飯能
0%
マワ 高麗川
0%
モロ 毛呂
0%
オセ 越生
0%
ミヨ(ハカセ) 明覚
0%
カマ(ハカセ) 小川町
0%
ケサ 竹沢
0%
オリ 折原
0%
ヨト 用土
0%
マヒ 松久
0%
コマ 児玉
0%
タヨ 丹荘
0%
フシ 群馬藤岡
0%
キフ(ハカセ) 北藤岡
0%
オチ 御徒町
0%
ウエ 上野
0%
ウス 鶯谷
0%
ニツ 日暮里
0%
ニリ 西日暮里
0%
ミサ 上中里
0%
ワウ 王子
0%
ヒセ 東十条
0%
アネ 赤羽
0%
カチ 川口
0%
ニチ(トホホセ) 西川口
0%
ラヒ
0%
ミウ 南浦和
0%
ウラ(トホホセ) 浦和
0%
ラワ 北浦和
0%
ヨノ 与野
0%
サタ さいたま新都心
0%
オオ 大宮
0%
トロ 土呂
0%
ヒオ 東大宮
0%
ハス 蓮田
0%
ラオ 白岡
0%
シラ(トホホセ) 新白岡
0%
クキ 久喜
0%
ワミ 東鷲宮
0%
クリ 栗橋
0%
コカ 古河
0%
ノキ 野木
0%
ママ 間々田
0%
ヤマ 小山
0%
カネ 小金井
0%
チイ 自治医大
0%
シハ(トホホセ) 石橋
0%
スメ 雀宮
0%
ミヤ 宇都宮
0%
ミラ 宮原
0%
アケ 上尾
0%
キケ 北上尾
0%
オケ 桶川
0%
キモ 北本
0%
ノス 鴻巣
0%
キコ 北鴻巣
0%
フキ 吹上
0%
コラ 籠原
0%
フカ 深谷
0%
カヘ(タカセ) 岡部
0%
ホン 本庄
0%
ホラ 神保原
0%
マチ(タカセ) 新町
0%
ラノ 倉賀野
0%
タカ 高崎
0%
イハ 板橋
0%
シウ(アネセ) 十条
0%
キネ 北赤羽
0%
ウキ 浮間舟渡
0%
トコ 戸田公園
0%
タト(トホホセ) 戸田
0%
キト 北戸田
0%
ムラ 武蔵浦和
0%
ナラ 中浦和
0%
ヨチ 与野本町
0%
ニン 日進
0%
ニミ 西大宮
0%
ミフ(カハセ) 南古谷
0%
ハエ 川越
0%
ニカ 西川越
0%
トハ 的場
0%
カサ(カハセ) 笠幡
0%
タハ 武蔵高萩
0%
ミマ 三河島
0%
ナン 南千住
0%
キセ 北千住
0%
ヤセ 綾瀬
0%
アリ 亀有
0%
キン 金町
0%
マト 松戸
0%
キマ 北松戸
0%
マハ(シハセ) 馬橋
0%
シト 新松戸
0%
コネ 北小金
0%
ミカ(シハセ) 南柏
0%
キワ 北柏
0%
アコ 我孫子
0%
トテ 取手
0%
フロ 藤代
0%
リキ 龍ケ崎市
0%
ウク 牛久
0%
ヒウ(シハセ) ひたち野うしく
0%
アワ(シハセ) 荒川沖
0%
ツチ 土浦
0%
カン 神立
0%
タマ(シハセ) 高浜
0%
イシ(シハセ) 石岡
0%
ハト 羽鳥
0%
ワマ 岩間
0%
トモ 友部
0%
ウハ(シハセ) 内原
0%
アツ 赤塚
0%
サワ 佐和
0%
トカ(シハセ) 東海
0%
オホ 大甕
0%
タタ 常陸多賀
0%
ヒチ(シハセ) 日立
0%
オキ(シハセ) 小木津
0%
シユ 十王
0%
ハキ 高萩
0%
コホ 湖北
0%
アラ 新木
0%
フサ 布佐
0%
キオ(ナリセ) 木下
0%
ヤシ 小林
0%
シキ(ナリセ) 安食
0%
マサ 下総松崎
0%
ヒチ(ソムホセ) 東千葉
0%
ツカ(ソムホセ) 都賀
0%
ヨカ(ソムホセ) 四街道
0%
モイ(ソムホセ) 物井
0%
サク(ソムホセ) 佐倉
0%
ミス 南酒々井
0%
エノ 榎戸
0%
ヤチ 八街
0%
ヒウ(ソムホセ) 日向
0%
ナル(ソムホセ) 成東
0%
ホハ 本千葉
0%
ソカ 蘇我
0%
マノ 浜野
0%
ヤク 八幡宿
0%
コイ 五井
0%
ネキ(-) 姉ケ崎
0%
ウラ(-) 長浦
0%
ソラ 袖ケ浦
0%
イネ 巌根
0%
キサ 木更津
0%
カマ(-) 鎌取
0%
ムタ 誉田
0%
トケ 土気
0%
ナカ 永田
0%
ホノ 本納
0%
シラ(-) 新茂原
0%
ヤミ 八積
0%
チミ 上総一ノ宮
0%
トラ 東浪見
0%
タト(-) 太東
0%
チマ 長者町
0%
ミカ(-) 三門
0%
オハ(-) 大原
0%
ナタ 成田
0%
クコ 成田空港
0%
フク 福俵
0%
トカ(トネセ) 東金
0%
クミ 求名
0%
エマ 越中島
0%
シオ 潮見
0%
シハ(-) 新木場
0%
カサ(-) 葛西臨海公園
0%
マハ(-) 舞浜
0%
チシ 市川塩浜
0%
フマ(-) 二俣新町
0%
ミフ(-) 南船橋
0%
シシ(-) 新習志野
0%
マヨ 幕張豊砂
0%
カヒ(-) 海浜幕張
0%
ケハ 検見川浜
0%
ナイ(-) 稲毛海岸
0%
チナ 千葉みなと
0%
フホ 船橋法典
0%
チノ 市川大野
0%
ヤハ(ムサセ) 新八柱
0%
ミナ 南流山
0%
サト 三郷
0%
シミ 新三郷
0%
ミミ(ムサセ) 吉川美南
0%
ヨカ(ムサセ) 吉川
0%
コレ 越谷レイクタウン
0%
ミシ 南越谷
0%
ヒチ(ムサセ) 東川口
0%
ヒウ(ムサセ) 東浦和
0%
ニウ 西浦和
0%
キア 北朝霞
0%
イサ 新座
0%
ヒト 東所沢
0%
シイ 新小平
0%
タト(シヨセ) 高崎問屋町
0%
イノ 井野
0%
シマ(シヨセ) 新前橋
0%
マエ 前橋
0%
マオ 前橋大島
0%
コタ 駒形
0%
セサ 伊勢崎
0%
クニ(リモセ) 国定
0%
イク 岩宿
0%
キリ 桐生
0%
マタ 小俣
0%
ヤエ 山前
0%
アカ 足利
0%
アフ あしかがフラワーパーク
0%
ミタ 富田
0%
サノ 佐野
0%
イフ 岩舟
0%
オラ 大平下
0%
トキ 栃木
0%
モワ 思川
0%
オハ(ミトセ) 小田林
0%
ユキ 結城
0%
ヒユ 東結城
0%
ワシ(ミトセ) 川島
0%
タト(ミトセ) 玉戸
0%
シテ 下館
0%
ハリ 新治
0%
ヤト 大和
0%
ワセ 岩瀬
0%
ハク 羽黒
0%
フラ 福原
0%
イナ 稲田
0%
サマ 笠間
0%
キミ(イトセ) 来宮
0%
イツ 伊豆多賀
0%
アロ 網代
0%
サミ 宇佐美
0%
イト 伊東
0%
ソヤ 群馬総社
0%
ヤハ(シヨセ) 八木原
0%
シカ 渋川
0%
ワヨ 羽沢横浜国大
0%
ホワ 本庄早稲田
0%
No matching quizzes found
Score Distribution
Percent of People with Each Score
Percentile by Number Answered
Your Score History
You have not taken this quiz since the last reset